
Library Catalogue

| 000 -LEADER | |
|---|---|
| fixed length control field | 00873cam a2200289 4500 |
| 001 - CONTROL NUMBER | |
| control field | 3609829 |
| 005 - DATE AND TIME OF LATEST TRANSACTION | |
| control field | 20260421093044.0 |
| 008 - FIXED-LENGTH DATA ELEMENTS--GENERAL INFORMATION | |
| fixed length control field | 720915m19711974enk d 000 0 eng |
| 010 ## - LIBRARY OF CONGRESS CONTROL NUMBER | |
| LC control number | 72189020 |
| 020 ## - INTERNATIONAL STANDARD BOOK NUMBER | |
| International Standard Book Number | 0421142901 |
| 020 ## - INTERNATIONAL STANDARD BOOK NUMBER | |
| International Standard Book Number | 9780421142909 |
| 035 ## - SYSTEM CONTROL NUMBER | |
| System control number | 3609829 |
| 040 ## - CATALOGING SOURCE | |
| Original cataloging agency | DLC |
| Transcribing agency | DLC |
| Modifying agency | DLC |
| 043 ## - GEOGRAPHIC AREA CODE | |
| Geographic area code | e-uk--- |
| 082 ## - DEWEY DECIMAL CLASSIFICATION NUMBER | |
| Classification number | 340.03 JAM |
| 100 1# - MAIN ENTRY--PERSONAL NAME | |
| Personal name | Stroud, Frederick |
| 245 00 - TITLE STATEMENT | |
| Title | Stroud's judicial dictionary of words and phrases, volumes 1-5 / |
| Statement of responsibility, etc. | Frederick Stroud and John S. James |
| 250 ## - EDITION STATEMENT | |
| Edition statement | 4th ed. |
| 260 ## - PUBLICATION, DISTRIBUTION, ETC. | |
| Place of publication, distribution, etc. | London : |
| Name of publisher, distributor, etc. | Sweet & Maxwell, |
| Date of publication, distribution, etc. | 1974. |
| 300 ## - PHYSICAL DESCRIPTION | |
| Extent | 5 v. ; |
| Dimensions | 26 cm. |
| 365 ## - TRADE PRICE | |
| Price amount | Gratis |
| 650 #0 - SUBJECT ADDED ENTRY--TOPICAL TERM | |
| Topical term or geographic name entry element | Law |
| Geographic subdivision | Great Britain |
| General subdivision | Dictionaries. |
| 700 1# - ADDED ENTRY--PERSONAL NAME | |
| Personal name | James, John S. |
| 906 ## - LOCAL DATA ELEMENT F, LDF (RLIN) | |
| a | 7 |
| b | cbc |
| c | orignew |
| d | 3 |
| e | ncip |
| f | 19 |
| g | y-gencatlg |
| 942 ## - ADDED ENTRY ELEMENTS (KOHA) | |
| Source of classification or shelving scheme | Dewey Decimal Classification |
| Koha item type | BOOKs |
| Withdrawn status | Lost status | Damaged status | Not for loan | Home library | Current library | Shelving location | Date acquired | Total Checkouts | Full call number | Barcode | Date last seen | Price effective from | Koha item type |
|---|---|---|---|---|---|---|---|---|---|---|---|---|---|
| Not For Loan | . | . | NAB Compactor | 30.05.2017 | 340.03 JAM-I | 17028 | 30.05.2017 | 30.05.2017 | BOOKs | ||||
| . | . | NAB Compactor | 30.05.2017 | 340.03 JAM-II | 17029 | 30.05.2017 | 30.05.2017 | BOOKs | |||||
| . | . | NAB Compactor | 30.05.2017 | 340.03 JAM-III | 17030 | 30.05.2017 | 30.05.2017 | BOOKs | |||||
| . | . | NAB Compactor | 30.05.2017 | 340.03 JAM-IV | 17031 | 30.05.2017 | 30.05.2017 | BOOKs | |||||
| . | . | NAB Compactor | 30.05.2017 | 340.03 JAM-V | 17032 | 30.05.2017 | 30.05.2017 | BOOKs |